000 00779cam a2200229 4500
001 J1237
008 090401t1992 xxu||||| |||| 00| 0 eng d
035 _a(Sirsi) u42438
041 _aeng
110 _aEurope
_bEuropean Communities Commission
_9698
245 _aCommission Regulation (EEC) No. 3890/92 of 28 December 1992 amending measures in respect of the application to the common organization of the market in sheepmeat and goatmeat as a result of the amendment of certain CN codes.
260 _c1992
300 _a(6)p. ; 30cm.
350 _a0
490 _aRegulation (EEC)
_v3890/92
650 _aCN CODES
650 _aCOMMON CUSTOMS TARIFF NOMENCLATURE
650 _aEC REGULATIONS
690 _aEUROPE-SINGLE MARKET
942 _n0
948 _c04/03/1997
999 _c91117
_d91117